000 00889nac a2200229 a 4500
003 Co-PeBPM
005 20250703155918.0
008 250703b |||||||| |||| 00| 0 spa d
020 _a9789588944098
040 0 _aCo-PeBPM
_bspa
_cCo-PeBPM
_erda
041 0 _aspa
082 _a303.609861 C35s
110 2 _aCentro Nacional de Memoria Histórica.
245 1 0 _aSan Carlos
_b: memorias del éxodo en la guerra : resumen
_c/ Centro Nacional de Memoria Histórica.
250 _aSegunda edición.
260 _aBogotá
_b: Centro Nacional de Memoria Histórica
_c, 2015
300 _a110 páginas
_c; 23 cm.
650 1 4 _2LEMB
_aDesplazamiento forzado
_y1977-2009
_zSan Carlos (Antioquia, Colombia)
650 1 4 _2LEMB
_aViolencia
_y1977-2009
_zSan Carlos (Antioquia, Colombia)
650 1 4 _2LEMB
_aVíctimas de la violencia
_y1977-2009
_zSan Carlos (Antioquia, Colombia)
942 _2ddc
_cBK
_n0
999 _c60987
_d60987